Statistics for Which season of RuPaul's Drag Race am I from?

Click here to take the quiz!

General Stats

  • This quiz has been taken 7,559 times
    (1,306 since last reset)
  • The average score is 25 of 30

Answer Stats

QUEENSEASON% Correct
Sasha Velour9
95%
Vanessa Vanjie Mateo10/11
94%
Crystal Methyd12
93%
Kandy Muse13
92%
Sherry Pie12
91%
Alexis Mateo3
91%
Vivacious6
91%
Max7
91%
Acid Betty8
91%
Peppermint9
91%
Silky Nutmeg Ganache11
90%
Jorgeous14
90%
Manila Luzon3
90%
Raja3
90%
Sharon Needles4
90%
Kim Chi8
90%
Shea Couleé9
90%
Rebecca Glasscock1
89%
Dusty Ray Bottoms10
89%
Jan12
89%
Gottmik13
89%
Shangela2/3
89%
Jiggly Caliente4
89%
Ginger Minj7
89%
Katya7
89%
Nina Bo'nina Brown9
89%
Scarlet Envy11
88%
Brooke Lynn Hytes11
88%
Jaida Essence Hall12
88%
Mistress Isabelle Brooks15
88%
Malaysia Babydoll Foxx15
88%
Hershii LiqCour-Jeté16
88%
Sapphira Cristál16
88%
Raven2
88%
Mimi Imfurst3
88%
Latrice Royale4
88%
Coco Montrese5
88%
Bob the Drag Queen8
88%
Shannel1
87%
Brita12
87%
Nicky Doll12
87%
Symone13
87%
Marcia Marcia Marcia15
87%
Spice15
87%
Loosey LaDuca15
87%
Pandora Boxx2
87%
Tyra Sanchez2
87%
Nicole Paige Brooks2
87%
Serena ChaCha5
87%
Roxxxy Andrews5
87%
Detox5
87%
Adore Delano6
87%
Miss Fame7
87%
Derrick Barry8
87%
Chi Chi DeVayne8
87%
Farrah Moan9
87%
Tammie Brown1
86%
Plastique Tiara11
86%
Tina Burner13
86%
Utica Queen13
86%
Anetra15
86%
Megami16
86%
Jujubee2
86%
Tatianna2
86%
Mystique Summers Madison2
86%
Delta Work3
86%
Phi Phi O'Hara4
86%
Joslyn Fox6
86%
Kelly Mantle6
86%
Trixie Mattel7
86%
Violet Chachki7
86%
Naomi Smalls8
86%
Nina Flowers1
85%
Aiden Zhane12
85%
Gigi Goode12
85%
Tamisha Iman13
85%
Olivia Lux13
85%
Angeria Paris VanMicheals14
85%
Kornbread "The Snack" Jeté14
85%
Luxx Noir London15
85%
Morphine Love Dion16
85%
Sonique2
85%
India Ferrah3
85%
Carmen Carrera3
85%
Willam4
85%
Ivy Winters5
85%
Jinkx Monsoon5
85%
Laganja Estranja6
85%
Gia Gunn6
85%
Naysha Lopez8
85%
Asia O'Hara10
84%
Miz Cracker10
84%
Mayhem Miller10
84%
Shuga Cain11
84%
Honey Davenport11
84%
Kahanna Montrese11
84%
Widow Von'Du12
84%
Dahlia Sin12
84%
Elliott with 2 Ts13
84%
Kahmora Hall13
84%
Daya Betty14
84%
DeJa Skye14
84%
Bosco14
84%
Sasha Colby15
84%
Jax15
84%
Nymphia Wind16
84%
Mirage16
84%
Jessica Wild2
84%
Bianca Del Rio6
84%
Robbie Turner8
84%
Valentina9
84%
Ongina1
83%
Yvie Oddly11
83%
Joey Jay13
83%
Denali13
83%
Maddy Morphosis14
83%
Orion Story14
83%
Princess Poppy15
83%
Amanda Tori Meating16
83%
Madame LaQueer4
83%
Jade Jolie5
83%
Thorgy Thor8
83%
Cynthia Lee Fontaine8/9
83%
Alexis Michelle9
83%
Eureka9/10
83%
Aquaria10
82%
Nina West11
82%
Ariel Versace11
82%
A'keria C. Davenport11
82%
LaLa Ri13
82%
Rosé13
82%
Aura Mayari15
82%
Q16
82%
Plane Jane16
82%
Xunami Muse16
82%
Morgan McMichaels2
82%
Sahara Davenport2
82%
Stacy Layne Matthews3
82%
Lashauwn Beyond4
82%
Trinity K. Bonet6
82%
Courtney Act6
82%
April Carrión6
82%
Kennedy Davenport7
82%
Tempest DuJour7
82%
Blair St. Clair10
81%
The Vixen10
81%
Monét X Change10
81%
Kameron Michaels10
81%
Ra'Jah O'Hara11
81%
Jasmine Kennedie14
81%
Willow Pill14
81%
Amethyst15
81%
Salina EsTitties15
81%
Kenya Michaels4
81%
Alaska5
81%
Alyssa Edwards5
81%
Darienne Lake6
81%
BenDeLaCreme6
81%
Sasha Belle7
81%
Kandy Ho7
81%
Aja9
81%
Charlie Hides9
81%
Victoria Porkchop Parker1
80%
Akashia1
80%
BeBe Zahara Benet1
80%
Monique Heart10
80%
Heidi N Closet12
80%
Robin Fierce15
80%
Sugar15
80%
Dawn16
80%
Penny Tration5
80%
Pearl7
80%
Jaidynn Diore Fierce7
80%
Trinity Taylor9
80%
Kimora Blac9
80%
Kalorie Karbdashian Williams10
79%
Mercedes Iman Diamond11
79%
Jackie Cox12
79%
Rock M. Sakura12
79%
June Jambalaya14
79%
Lady Camden14
79%
Irene Dubois15
79%
Geneva Karr16
79%
Mariah3
79%
Yara Sofia3
79%
DiDa Ritz4
79%
Vivienne Pinay5
79%
Milk6
79%
Soju11
78%
The Princess4
78%
Chad Michaels4
78%
Honey Mahogany5
78%
Mrs. Kasha Davis7
78%
Jaymes Mansfield9
78%
Kerri Colby14
77%
Alisa Summers4
77%
Jasmine Masters7
77%
Dax ExclamationPoint8
77%
Yuhua Hamasaki10
76%
Mhi'ya Iman Le'Paige16
76%
Milan4
76%
Lineysha Sparx5
76%
Magnolia Crawford6
76%
Laila McQueen8
76%
Jade1
75%
Plasma16
72%
Venus D-Lite3
72%
Phoenix3
71%
Monica Beverly Hillz5
70%
Alyssa Hunter
14
69%

Score Distribution

Percentile by Number Answered

Percent of People with Each Score

Your Score History

You have not taken this quiz since the last reset